• 首页
  • 本馆介绍
  • 公告通知
  • 最新文献
  • 馆藏检索
  • 电子资源
  • 读者导购
  • 参考咨询
  • 我的图书馆
  • 登录
  • 详细信息显示
  • 放入我的书架
  • 预约/预借图书
  • 作者相关作品
  • 分类相关作品
  • 丛书相关作品
  • 出版社相关作品

书目信息

  • 表格格式
  • 工作单格式
  • 卡片格式
题名:
铍
    
 
作者: ;《稀有金属知识》编写组 编
分册:  
出版信息: 北京   冶金工业出版社  1975
页数: 52页
开本: 19cm
丛书名: 稀有金属知识
单 册:
中图分类: TF824
科图分类:
主题词: 铍
电子资源:
ISBN:
000 00678nam2 2200241 45
001 0175003995
005 20060508165645.60
010    @dCNY0.15
100    @a19951013d1975 em y0chiy0121 ea
101 0  @achi
102    @aCN@b110000
105    @ay z 000yy
200 10 @a铍@Api@f《稀有金属知识》编写组编@F《xi you jin shu zhi shi》bian xie zu bian
210    @a北京@c冶金工业出版社@d1975
215    @a52页@d19cm
225 2  @a稀有金属知识
410  0 @120010@a稀有金属知识
606    @a铍
690    @aTF824@v3
711  0 @a《稀有金属知识》编写组@A《xi you jin shu zhi shi》bian xie zu@4编
801  2 @aCN@bNLC@c20060508
801  0 @aCN@bTSSF
905    @a10447@dTF824@e5
    
    铍/《稀有金属知识》编写组编.-北京:冶金工业出版社,1975
    52页;19cm.-(稀有金属知识)
    
    
    ISBN :CNY0.15
    
●
相关链接 在E读中查询图书 在五车中查询图书 在当当中查询图书 在豆瓣中查询图书


正题名:铍     索取号:TF824/5         预约/预借

序号 登录号 条形码 馆藏地/架位号 状态 备注
1 0017933   202308742   密集书库/ [索取号:TF824/5] 在馆    
唐山师范学院图书馆 欢迎您!
大连网信软件有限公司© 版权所有